000 00846nam a2200253Ia 4500
003 OSt
005 20220927103127.0
006 a|||||r|||| 00| 0
007 ta
008 220926b |||||||| |||| 00| 0 eng d
024 _a35820
037 _cReference Collections
040 _aRTL
_cRTL
_beng
041 _2eng
_aeng
082 _a"X:75-77.46.N6, K7/UN"
110 _a"United Nations, Economic and Social Office"
_9353209
245 0 _aStudies on selected development problems in various countries in the middle East.
260 _aNew
_bYork United Nations USA
_c1967
300 _a"vi, 87p."
_ccm.
650 _aPlanned Economics
_9353210
700 _a"United Nations, Economic and Social Office"
_9353211
942 _h"X:75-77.46.N6, K7/UN"
_cCC
999 _c680630
_d680630